02095nam a2200241Ia 4500001000600000003000900006008004100015040001300056040001300069041001300082100001900095100002900114245007800143245007900221250001100300260001100311260001500322260004900337300005600386500135400442650002601796650003101822H4821IT-RoPAU130308s9999 xx 000 0 und d aIT-RoPAU cIT-RoPAU aITALIANO aPetrone Sandro gCodice Aut. SPICS: 54145 aLinguaggio delle news (Il). Strumenti e regole del giornalismo televisivo bLinguaggio delle News (Il). Strumenti e regole del Giornalismo Televisivo. a1a ed. aMILANO bEtas Libri c2004 [1° Ed.:2004 - Ed.Ling.Originale:2004] a"271 p. (prefazione: 17; testo: 254 [pagine: 0-0])" a"Percorso scenario Attuale e Caso Italiano: Teorema dell'acqua Calda; tv Stampata; Sporcatina; Wall Paper e Talking Heads; Telegrammi; Cappio Politicoe Cappio Professionale; pluralismo o Occupazione?; Moltiplicazione Reclute; furto di Informazioni; Alla Guerra Come Alla Guerra; ritorno al Futuro. Linguaggio, Teorie, Tecniche: Righe contro Secondi; Teorema di Oudini e dei Maghi della Bbc; Teoremi e Pratica; Teorema della Tavolozza. Immagini: immagini fisse e immagini in Movimento; immagini di Cronaca e immagini di Archivio; immagini Grafiche, Cartine Animazioni; Realtà Virtuale; Disegni e Tavole. Suoni: Suono Come Sottofondo; per Segnalare; Suono in Primo Piano. Parola: Parola Scritta in Tv; Parola Detta. Intervista: Ignaro Intervistatore;Definizioni e Classificazioni; Preparativi; Colloquio; utilizzazione Risposte; Tecniche della Ripresa. Stand Up, Come Quando, Perche': a che Cosa Serve; Stand Up Registrato. Struttura Servizio Informazione in Televisione: Prologo a 1 Ricetta Energica; Bomba di Bit; Condizioni Particolari; impossibile Story Board; Prompter; Teorema della Pellicola;Scrivere tra Opposti Estremismi. Contenuti: Cosa C'E' in Agenda; Informazione e Notizia; Criteri Peridentificare Notizia; tavola dei 7 Criteri. Fonti: Varietà contro Inefficacia; Fonti e copertura Eventi. Costruire Casa dell'Informazione: 7 Regole" aGENERI DI GIORNALISMO eCodice materia Spics: 7060